000 00705nam a2200193 a 4500
003 0
005 20250217155113.0
008 110617s19uu xx 00 eng d
050 _aPHS HD 6958
_b.T63 2011
100 _aTorres, Jolana Isabelle M.
245 _aCoping strategies and time management skills of employees /
_cJolana Isabelle M. Torres.
260 _aLas PiƱas City, Philippines :
_bSouthville International School and Colleges,
_c2011.
300 _a44 pages :
_billustrations ;
_c28 cm.
504 _aIncludes bibliographical references.
650 _aCoping strategies
_xdescriptive.
650 _aTime management skills
_xdescriptive.
650 _aWork-life balance.
942 _2lcc
_cPASS
999 _c98525
_d98525